| 000 | 01178nam a22003377a 4500 | ||
|---|---|---|---|
| 003 | CHAP | ||
| 005 | 20220329141538.0 | ||
| 008 | 971013s1988 r 00010 d | ||
| 010 | _a69959 | ||
| 011 | _a70931 | ||
| 035 | _a80485 | ||
| 040 | _cCHAP | ||
| 090 | _aTesis | ||
| 100 | 0 | 0 |
_aCano Rodríguez, Leopoldo. _918427 |
| 245 | _aRediseño del sistema hidráulico del mecanismo de levante de una cargadora de caña Saccharum officinarum L. | ||
| 260 |
_aChapingo, Méx. : _bEl autor, _c[1988?] |
||
| 300 |
_a114 h. _b: gráfs. |
||
| 500 | _aD18-241 | ||
| 502 | _aTesis (Ing. Agr. Esp. en Maquinaria Agrícola) -- UACH. Departamento de Maquinaria Agrícola | ||
| 590 |
_aALEPH _b10 _c20130110 _lUCH01 _h1409 |
||
| 590 |
_aBATCH-UPD _b10 _c20130110 _lUCH01 _h1549 |
||
| 590 |
_aBATCH-UPD _b10 _c20130410 _lUCH01 _h0947 |
||
| 590 |
_aBATCH-UPD _b10 _c20130914 _lUCH01 _h0833 |
||
| 590 |
_aCONVERSION _b10 _c20130109 _lUCH01 _h1338 |
||
| 650 | 1 | 4 |
_aIngeniería hidráulica. _958235 |
| 650 | 1 | 4 |
_aMaquinaria agrícola. _971151 |
| 710 | 0 |
_aUACH. Departamento de Maquinaria Agrícola. _9115876 |
|
| 901 | _aBK | ||
| 942 | _cTESIS | ||
| 949 |
_bBC _cTES _d-33388 _eTS1 _h21298 _i80485 _si |
||
| 999 |
_c69959 _d69959 |
||